| 000 | 01148nam0a22002891 4500 | ||
|---|---|---|---|
| 001 | rc\4132490 | ||
| 005 | 20250611002745.0 | ||
| 035 | _a(NLR Aleph) 007985610 | ||
| 090 |
_a8546918 _c8546918 |
||
| 100 | _a20130415d1950 |||y0rusy50 ca | ||
| 101 | 0 | _arus | |
| 102 | _aRU | ||
| 105 | _ay z ||||| | ||
| 200 | 1 |
_aМатериалы для докладов и бесед на тему: А.В. Суворов - великий русский полководец _fВсесоюз. о-во по распространению полит. и науч. знаний |
|
| 210 |
_aЛенинград _cБ. и. _d1950 |
||
| 215 |
_a[1], 23 с. _d29 |
||
| 300 | _aЛитогр. | ||
| 300 | _aПеред загл. авт.: канд. ист. наук Б.М. Кочаков | ||
| 300 | _aТекст на одной стороне листа | ||
| 333 | _aНа правах рукописи | ||
| 700 | 1 |
_7ca _8rus _aКочаков _bБ. М. _f1906-1965 _gБорис Михайлович _9227071 _3RU\NLR\AUTH\770227127 |
|
| 801 | 0 |
_aRU _bNLR _gpsbo |
|
| 801 | 1 |
_aRU _bELAR _2rusmarc |
|
| 852 |
_aNLR _jВ10 Г-8/11 |
||
| 942 | _cBOOK | ||
| 980 | _aNB | ||